Statystyki dla Najlepsze teleturnieje w telewizji TVN

Kliknij tutaj aby rozwiązać quiz!

Ogólne statystyki

  • Ten quiz został rozwiązany 1 134 razy
  • Średni wynik to 1 z 5

Statystyki odpowiedzi

StacjaTeleturniej% Poprawnych
TVNMilionerzy
99%
TVNNajsłabsze ogniwo
15%
TVNChwila prawdy
8%
TVNDobra cena
4%
TVNDzieciaki z klasą
3%

Rozkład punktacji

Percentyl według liczby udzielonych odpowiedzi

Procent ludzi z każdym wynikiem

Twoja historia wyników

Nie rozwiązałeś tego quizu